000 00369nam a22001457a 4500
020 _a9780471602934
040 _cNust
082 _a620.1
_bMER
100 _aJ.L Meriam
_913429
245 _aEngineering mechanics
250 _aVol II 3rd Edition
260 _aNew York:
_bJohn Willey and sons,
_c1992.
650 _aEngineering mechanics
_959741
942 _2ddc
_cBK
999 _c612123
_d612123